000 01614nam a2200229Ia 4500
003 Ost
005 20260507075311.0
008 260507s9999||||xx |||||||||||||| ||und||
040 _cfsecg
041 _aara
082 _a330
100 _aحشيش، عادل احمد
_eمؤلف
245 0 _aأساسيات الاقتصاد السياسي /
_c عادل احمد حشيش
260 _aلبنان:
_bمنشورات الحلبي الحقوقية,
_c2003
300 _a547 صفحة؛
_bإيضاحات ؛
_c24 سم
520 _aعلم الاقتصاد طرق و أدوات التحليل الاقتصادي و التحليل الاقتصادي الجزئي ، مفهوم الانتاج و عناصره ، الناتج القومي و الدخل القومي بين الاستهلاك و الادخار و الاستثمار ، الهيكل التنظيمي و النظام الاقتصادي ، الثمن و السوق و العلاقات الدالية ، الطلب و العرض و مرونتهما سلوك المستهلك و التحليل بالمنفعة الحدية ، سلوك المستهلك و التحليل بمنحنيات السواء ، التحليل بقانون النسب المتغيرة ، سلوك المشروع في سوق المنافسة الكاملة و في سوق احتكار البيع ، وأخيرا أساسيات نظرية التوزيع.
653 _aالاقتصاد
653 _aالاقتصاد السياسي
653 _aالتحليل الاقتصادي
700 _aشهاب، مجدي محمود وآخرون
_eمؤلف ثانوي
942 _cكتاب
999 _c43865
_d43865